Szczegóły MARC21

Niekoniecznie depresja : zrozum swoje emocje i odzyskaj wewnętrzną równowagę dzięki metodzie trójkąta zmiany /

003 -Nazwa inst., której nr kontr. jest w polu 001 [,]
    • @
    • Nazwa instytucji, której n kontrolny jest w polu 001
    • NUKAT
005 -DATA I CZAS OSTATNIEJ MODYFIKACJI [,]
    • @
    • pole kontrolne
    • 20241231092653.0
020 -Międzynarod. znormalizowany nr książki - ISBN [ , ]
    • a
    • Numer ISBN
    • 9788323345213 Find
040 -Instytucja sporządzająca opis [ , ]
    • a
    • Instytucja, która sporządziła opis (NP)
    • OLSZT 003/BK
    • b
    • Język katalogowania
    • pol
    • e
    • Zasady katalogowania
    • rda
    • c
    • Instytucja, która sporządziła rekord (NP)
    • OLSZT 003/BKs
    • d
    • Instytucja, która zmodyfikowała rekord (P)
    • BYDG 020/AMs
041 -Język dokumentu [1, ]
    • a
    • Język tekstu (P)
    • polski
    • h
    • Język tekstu oryginalnego i/lub pośredniego (P)
    • angielski
942 -Rodzaj dokumentu [ , ]
    • c
    • Rodzaj dokumentu
    • Książka
100 -Hasło główne - nazwa osobowa [1, ]
    • a
    • Nazwa osobowa (NP)
    • Jacobs Hendel, Hilary.
    • e
    • Rodzaj współpracy
    • Autor
    • 9
    • KHW
    • 476280
245 -Strefa tytułu i oznaczenia odpowiedzialności [1,0]
    • a
    • Tytuł
    • Niekoniecznie depresja : Find
    • b
    • Ciąg dalszy tytułu (NP)
    • zrozum swoje emocje i odzyskaj wewnętrzną równowagę dzięki metodzie trójkąta zmiany / Find
    • c
    • Pozostałe elementy strefy tytułu i oznaczenia odpowiedzialności (NP)
    • Hilary Jacobs Hendel ; przedmowa Diana Fosha ; tłumaczenie Katarzyna Okoń.
246 -Wariant tytułu [1, ]
    • i
    • Tekst wyświetlany na ekranie monitora (NP)
    • Tytuł oryginału :
    • a
    • Tytuł (NP)
    • It's not always depression :
    • b
    • Ciąg dalszy tytułu (NP)
    • working the change triangle to listen to the body, discover core emotions, and connect to your authentic self
250 -Strefa wydania [ , ]
    • a
    • Oznaczenie wydania (NP)
    • Wydanie I.
260 -Strefa adresu wydawniczego [ , ]
    • a
    • Miejsce wydania (P)
    • Kraków :
    • b
    • Nazwa wydawcy (P)
    • Wydawnictwo Uniwersytetu Jagiellońskiego,
    • c
    • Data wydania (P)
    • copyright 2018.
300 -Strefa opisu fizycznego [ , ]
    • a
    • Określenie formy książki i/lub objętość (NP)
    • 318, [2] strony ;
    • c
    • Format (NP)
    • 23 cm.
336 -Typ zawartości [ , ]
    • a
    • Termin opisujący typ zawartości
    • Tekst
    • b
    • Kod określający zawartość
    • txt
    • 2
    • Źródło (terminu i kodu)
    • rdacontent
337 -Typ mediów [ , ]
    • a
    • Tryb odtwarzania
    • Bez urządzenia pośredniczącego
    • b
    • Kod typu mediów
    • n
    • 2
    • Źródło (terminu i kodu)
    • rdamedia
338 -Typ/rodzaj nośnika [ , ]
    • a
    • Hasło opisujące typ nośnika
    • Wolumin
    • b
    • Kod typu nośnika
    • nc
    • 2
    • Źródło (terminu i kodu)
    • rdacarrier
490 -Strefa serii i książki wielotomowej - forma nie do wyszukiwania [1, ]
    • a
    • Tytuł (P)
    • Seria: Psyche/Soma Find
830 -Hasło dodatkowe serii i opisu książki wielotomowej - tytuł ujednolicony/tytuł [ ,0]
    • a
    • Tytuł ujednolicony/tytuł (NP)
    • Psyche/Soma
    • 9
    • KHW
    • 476282
504 -Uwaga dot. bibliogr. załącznikowej [ , ]
    • a
    • Uwaga dot. bibliografii załącznikowej
    • Bibliografia na stronach 303-309.
650 -Hasło przedmiotowe [ ,7]
    • a
    • Hasło przedmiotowe
    • Psychoterapia
    • x
    • Określnik rzeczowy
    • metodologia.
    • 2
    • Źródło terminu
    • kaba
    • 9
    • KHW
    • 407628
700 -Hasło dodatkowe - nazwa osobowa [1, ]
    • a
    • Nazwa osobowa (NP)
    • Fosha, Diana. Find
    • e
    • Określenie rodzaju współpracy
    • Przedmowa
    • 9
    • KHW
    • 476281
700 -Hasło dodatkowe - nazwa osobowa [1, ]
    • a
    • Nazwa osobowa (NP)
    • Okoń, Katarzyna. Find
    • e
    • Określenie rodzaju współpracy
    • Tłumaczenie
    • 9
    • KHW
    • 408247
710 -Hasło dodatkowe - nazwa ciała zbiorowego [2, ]
    • a
    • Nazwa ciała zbiorowego lub nazwa geograficzna jako pierwszy element (NP)
    • Uniwersytet Jagielloński.
    • b
    • Nazwa jednostki podrzędnej (P)
    • Wydawnictwo.
    • e
    • Rodzaj współpracy
    • Wydawca
    • 4
    • Kod relacji
    • pbl
    • 9
    • KHW
    • 52643
920 -ISBN [ , ]
    • a
    • ISBN
    • 978-83-233-4521-3 Find
Lokalizacja Data inwentaryzacji Numer inwentarzowy Status udost.
BG2018-12-19Z.1233271
BG2018-12-19WM.22896-3
BG2018-12-19WM.22897-3
BNS2018-12-21H.321771